Online
Catalog

Relaciones económicas del Reino de Chile (1780) : / (Record no. 5224)

MARC details
000 -CABECERA
campo de control de longitud fija 00831nam a2200193 a 4500
001 - NÚMERO DE CONTROL
campo de control 000005424
005 - FECHA Y HORA DE LA ÚLTIMA TRANSACCIÓN
campo de control 20200929151656.0
008 - DATOS DE LONGITUD FIJA--INFORMACIÓN GENERAL
campo de control de longitud fija 090819s1994 sp 001 spa d
020 ## - NÚMERO INTERNACIONAL ESTÁNDAR DEL LIBRO
Número Internacional Estándar del Libro 8400073991
040 ## - FUENTE DE LA CATALOGACIÓN
Centro catalogador/agencia de origen DO-SdBNP
082 ## - NÚMERO DE LA CLASIFICACIÓN DECIMAL DEWEY
Número de clasificación xxx
Número de documento/Ítem R382e
049 ## - FONDOS LOCALES (OCLC)
Fondos de biblioteca BNPD
245 00 - MENCIÓN DE TÍTULO
Título Relaciones económicas del Reino de Chile (1780) : /
Mención de responsabilidad, etc. estudio preliminar y edición de Francisco de Solano; preparación y transcripción de los textos: Ignacio Blanco Olmedo, Concepción de Solano Málaga, José Pérez Castillo y Francisco de Solano.
260 ## - PUBLICACIÓN, DISTRIBUCIÓN, ETC.
Lugar de publicación, distribución, etc. Madrid, :
Nombre del editor, distribuidor, etc. Consejo Superior de Investigaciones Científicas, Centro de Estudios Históricos,
Fecha de publicación, distribución, etc. 1994.
300 ## - DESCRIPCIÓN FÍSICA
Extensión 268 p. ;
Dimensiones 24 cm.
440 #0 - MENCIÓN DE SERIE/PUNTO DE ACCESO ADICIONAL--TÍTULO
Título Tierra nueva e cielo nuevo
Designación de volumen o secuencia 34
9 (RLIN) 15388
500 ## - NOTA GENERAL
Nota general Incluye tabla de contenido
500 ## - NOTA GENERAL
Nota general V centenario del descubrimiento de América
Holdings
Estado de retiro Estado de pérdida Restricciones de uso No para préstamo Código de colección Localización permanente Ubicación/localización actual Ubicación en estantería Fecha de adquisición Número de inventario Total de préstamos Signatura topográfica completa Código de barras Fecha visto por última vez Precio válido a partir de Tipo de ítem Koha
      Excluido de préstamo Monografías: Libros y Folletos General General En catalogación 19.08.2009 LF1   xxx R382e 5424-10 25.06.2020 25.06.2020 No se presta

Powered by Koha